000 nam a22 7a 4500
999 _c8011
_d8011
008 171121b xxu||||| |||| 00| 0 eng d
100 _aSrinivasan.R.
_94465
245 _aCultures of the India
260 _aNew Delhi
_bT.B.I
_c1990